| 000 | 00440nam a22001697a 4500 | ||
|---|---|---|---|
| 008 | 230619b |||||||| |||| 00| 0 eng d | ||
| 040 |
_aNational Science Library _cNational Science Library |
||
| 080 | _aR 667.63(038)=30 J4 | ||
| 245 |
_aFachworterbuch _b |
||
| 260 |
_aStuttgart: _bWissenschaftliche Verlagsgesellschaft, _c1954 |
||
| 300 | _a198p. | ||
| 650 | _a | ||
| 653 | _a | ||
| 700 | _a | ||
| 700 | _a | ||
| 942 |
_2udc _cREF |
||
| 999 |
_c67048 _d67048 |
||